| 000 | 00886nas a2200301 4500 | ||
|---|---|---|---|
| 001 | BR0302278 | ||
| 003 | BR-BrBNA | ||
| 005 | 20231205103752.0 | ||
| 007 | ta | ||
| 008 | 230509b bl.|||p| |||| 00| 00por d | ||
| 040 |
_aBR-BrBNA _bpor _cBiblioteca Nacional de Agricultura |
||
| 041 | _a(Pt) | ||
| 072 | _aJ11 | ||
| 100 | 1 | _aAntunes, L.E.C. | |
| 100 | 1 | _aDuarte Filho, J. | |
| 100 | 1 | _aSouza, C.M. de | |
| 245 | 1 | _aConservação pós-colheita de frutos de amoreira-preta | |
| 650 | _aAMORA PRETA | ||
| 650 | _aARMAZENAMENTO DE ALIMENTO | ||
| 650 | _aANÁLISE ORGANOLÉPTICA | ||
| 650 | _aVITAMINA C | ||
| 650 | _aPH | ||
| 650 | _aMÉTODO ESTATÍSTICO | ||
| 650 | _aMINAS GERAIS | ||
| 773 | 0 |
_tPesquisa Agropecuária Brasileira (Brazil) _xISSN 0100-204X _g(Mar 2003), v. 38(3) p. 413-419 _wBR0302278 |
|
| 909 |
_a202311 _bLúcia _c55 _dLúcia Elande |
||
| 942 |
_2AGRIS _n0 _cANA |
||
| 999 |
_c174630 _d174630 |
||